Putting the bricks in place. (Record no. 60636)
[ view plain ]
| 000 -LEADER | |
|---|---|
| fixed length control field | 00614cam a2200169 4500 |
| 001 - CONTROL NUMBER | |
| control field | ABS60958 |
| 008 - FIXED-LENGTH DATA ELEMENTS--GENERAL INFORMATION | |
| fixed length control field | 000000n1999 000 0 eng u |
| 035 ## - SYSTEM CONTROL NUMBER | |
| System control number | (Sirsi) u101504 |
| 100 ## - MAIN ENTRY--PERSONAL NAME | |
| Personal name | Chilton, M. |
| 245 ## - TITLE STATEMENT | |
| Title | Putting the bricks in place. |
| 260 ## - PUBLICATION, DISTRIBUTION, ETC. | |
| Date of publication, distribution, etc. | 1999 |
| 490 ## - SERIES STATEMENT | |
| Series statement | Money Management |
| Volume/sequential designation | August 1999, 65-67(3) |
| 520 ## - SUMMARY, ETC. | |
| Summary, etc. | The author, managing director of Savills Private Finance, suggests that good past returns and low volatility make residential property investment appealing for many people. Statistics. |
| 650 ## - SUBJECT ADDED ENTRY--TOPICAL TERM | |
| Topical term or geographic name entry element | STATISTICS |
| 690 ## - LOCAL SUBJECT ADDED ENTRY--TOPICAL TERM (OCLC, RLIN) | |
| Topical term or geographic name as entry element | PROPERTY-PROPERTY FINANCE AND INVESTMENT |
| 942 ## - ADDED ENTRY ELEMENTS (KOHA) | |
| Suppress in OPAC | 0 |
| Withdrawn status | Lost status | Source of classification or shelving scheme | Damaged status | Not for loan | Home library | Current library | Shelving location | Date acquired | Total Checkouts | Full call number | Barcode | Date last seen | Copy number | Price effective from | Koha item type |
|---|---|---|---|---|---|---|---|---|---|---|---|---|---|---|---|
| Dewey Decimal Classification | London | London | Journal article | 05/11/1999 | ABS60958 | 101504-1001 | 06/08/2019 | 1 | 06/08/2019 | Journal article |